000 00520cam a2200193 4500
001 D16191
008 090401t1978 xxu||||| |||| 00| 0 eng d
035 _a(Sirsi) u27762
041 _aeng
050 _a639.21
110 _aRoyal Institution of Chartered Surveyors
_bScottish Branch
_9830
245 _aSea Trout: river management: issued by the Scottish Branch of the RICS
260 _bRICS
_c1978
300 _a6p. 30cm
350 _a0
520 _aFiled in Box 1978/39A
942 _n0
948 _c04/03/1997
999 _c89160
_d89160